The Apostles' doctrine of the atonement; (Record no. 8653)

MARC details
000 -LEADER
fixed length control field 01088cam a22003011 4500
001 - CONTROL NUMBER
control field 7006437
003 - CONTROL NUMBER IDENTIFIER
control field GBCCL
005 - DATE AND TIME OF LATEST TRANSACTION
control field 20241126110655.0
008 - FIXED-LENGTH DATA ELEMENTS--GENERAL INFORMATION
fixed length control field 770810r1957uuuumiu 001 0 eng
010 ## -
-- 58002714
035 ## - SYSTEM CONTROL NUMBER
System control number (OCoLC)3177028
040 ## - CATALOGING SOURCE
Original cataloging agency DLC
Transcribing agency NcWU
Modifying agency DLC
042 ## -
-- premarc
050 00 -
-- BT265
-- .S57 1957
082 ## - DEWEY DECIMAL CLASSIFICATION NUMBER
Classification number 232.3
Item number SME
100 1# - MAIN ENTRY--PERSONAL NAME
Personal name Smeaton, George,
Dates associated with a name 1814-1889.
9 (RLIN) 4058
245 14 - TITLE STATEMENT
Title The Apostles' doctrine of the atonement;
Remainder of title with historical appendix.
260 ## - PUBLICATION, DISTRIBUTION, ETC.
Place of publication, distribution, etc. Grand Rapids,
Name of publisher, distributor, etc. Zondervan Pub. House,
Date of publication, distribution, etc. 1957.
300 ## - PHYSICAL DESCRIPTION
Extent 548 p.
Dimensions 23 cm.
490 0# - SERIES STATEMENT
Series statement A Zondervan reprint classic
500 ## - GENERAL NOTE
General note "Reprinted complete and unabridged from the 1870 edition."
500 ## - GENERAL NOTE
General note "Formerly published as 'The doctrine of the atonement as taught by the Apostle,' or 'The sayings of the Apostle exegetically expounded.'"
630 00 - SUBJECT ADDED ENTRY--UNIFORM TITLE
Uniform title Bible.
Name of part/section of a work Acts, Epistles, and Revelation
General subdivision Theology.
9 (RLIN) 15264
650 #0 - SUBJECT ADDED ENTRY--TOPICAL TERM
Topical term or geographic name entry element Atonement
General subdivision Biblical teaching.
9 (RLIN) 15265
650 #0 - SUBJECT ADDED ENTRY--TOPICAL TERM
Topical term or geographic name entry element Apostles.
9 (RLIN) 593
906 ## - LOCAL DATA ELEMENT F, LDF (RLIN)
a 7
b cbc
c oclcrpl
d u
e ncip
f 19
g y-gencatlg
942 ## - ADDED ENTRY ELEMENTS (KOHA)
Source of classification or shelving scheme Dewey Decimal Classification
Koha item type Books
Koha issues (borrowed), all copies 1
Holdings
Withdrawn status Lost status Source of classification or shelving scheme Damaged status Not for loan Home library Current Library Shelving location Date acquired Total checkouts Full call number Barcode Date last seen Date last checked out Copy number Price effective from Koha item type
    Dewey Decimal Classification     GRACE BIBLE COLLEGE GRACE BIBLE COLLEGE Theology 2021-07-13 1 232.3 SME 020292 2025-05-01 2024-01-30 c.1 2021-07-13 Books
© Grace Bible College Library 2025